| 000 | 00000nas 2200000za 4500 |
| 001 | 9.855320 |
| 003 | CaOODSP |
| 005 | 20221107155255 |
| 007 | cr ||||||||||| |
| 008 | 180416d19261926oncar p oss f0###a0eng|d |
| 040 | |aCaOODSP|beng |
| 043 | |an-cn--- |
| 086 | 1 |aCS47-204E-PDF |
| 245 | 00|aReport on the sporting goods industry in Canada |h[electronic resource]. |
| 246 | 15|aSporting goods industry |
| 260 | |aOttawa : |bDominion Bureau of Statistics, Forest Products Branch, |c1928. |
| 310 | |aAnnual |
| 362 | 0 |a1925/1926. |
| 500 | |aTitle from cover. |
| 692 | 07|2gccst|aManufacturing industry |
| 710 | 1 |aCanada. |bDominion Bureau of Statistics.|bForest Products Branch. |
| 785 | 00|tPreliminary report on the sporting goods industry in Canada |w(CaOODSP)9.855562 |